Harry Potter: les Lutins de Cornouaille - Statistiques

Statistiques générales
  • Ce quiz a été pris 75 fois
  • Le résultat moyen est 5 sur 9
Statistiques - réponses
Information Réponse % Correct
Première apparition Harry Potter et la Chambre des Secrets
98%
Professeur qui en a apporté en classe Gilderoy Lockhart
95%
Couleur de peau Bleu électrique
92%
Derniere apparition Harry Potter et l'Ordre du Phénix
78%
Apparence Petit, tête poilue
64%
Statut Animal
36%
Taille max 20 cm
29%
Caractère Farceur
29%
Sortilège qu'il a essayé d'utiliser pour les arrêter Mutinlutin Malinpesti
19%
Aucun quiz correspondant
Distribution des résultats
% des personnes avec chaque résultat
Percentile par nombre de réponses
Votre historique - résultats
Vous n’avez pas pris ce quiz